000 00822nam a22002297a 4500
005 20240530110440.0
008 150419s2010 xxu g 000 0 eng d
017 _a2010/2695
_bمصر . دار الكتب المصرية
020 _a9789774275938
040 _aEG-CaGPL
082 0 4 _221
_a219.1\
_bم أ
100 0 _aمبروك عطية
245 1 2 _aالاسرة بين واقع الدين و الحياة /
_cمبروك عطية
250 _aط1
260 _aالقاهرة :
_bالدار المصرية اللبنانية ،
_c2010.
300 _a264 ص ؛
_c24 سم.
650 0 4 _aالاسرة
_xرعاية اجتماعية
650 0 4 _aالاسرة
_xالاسلام
650 0 4 _aالاسلام و الاصلاح الاجتماعى
942 _2ddc
_cBK
999 _c61026
_d61026